| 000 | 00524 a2200145 4500 | ||
|---|---|---|---|
| 999 |
_c4150 _d4150 |
||
| 020 | _a9780273779742 | ||
| 050 | _aQA76.76STA 2013 | ||
| 100 |
_aStallings, William _eauthor |
||
| 245 |
_aOperating systems : _b internals and design principles / _cWilliam Stallings. |
||
| 264 |
_aUpper Saddle River, N.J. : _b Prentice Hall, _c 2013 |
||
| 300 | _axviii, 779 pages : illustrations ; 24 cm | ||
| 500 | _alncludes index previous edition 2010 | ||
| 650 | _a Operating systems (Computers) | ||
| 942 |
_2lcc _cBK _e7th ed _h76.76 _iSTA _kQA |
||